000 00633nam a2200229Ia 4500
005 20231202135554.0
008 131103s9999 xx 000 0 und d
020 _a0-87187-531-4
_cRs.155
040 _aLoreto College
041 _aEnglish
082 _a327
_bSPA
100 _aSpanier, John
245 _aGames nations play
_cJohn Spanier
250 _a7th ed.
260 _aNew Delhi
_bMacmillan India Ltd
_c1990
300 _axvii,610 p.
504 _aIncludes bibliographical references and index
650 _aPolitics - International Relations -
651 _aPolitical Science -
850 _aLCLIB
942 _cBK
999 _c1449
_d51928